000 00273nam a2200097Ia 4500
008 241105s9999 xx 000 0 und d
041 _aeng
100 _aJachak Nishigandha
_9182694
245 _aResort At Ambi Pune Baramati Highway
260 _bFinal Year B. Arch, BNCA
_c2014
999 _c360985
_d360985